Feedback control theory for engineers (Record no. 63004)

MARC details
000 -LEADER
fixed length control field 00839nam a2200181 a 4500
008 - FIXED-LENGTH DATA ELEMENTS--GENERAL INFORMATION
fixed length control field 120416s0000 ||||||||||||||||| || u
020 ## - INTERNATIONAL STANDARD BOOK NUMBER
International Standard Book Number 0435718134
050 ## - LIBRARY OF CONGRESS CALL NUMBER
Classification number TJ 216 Atk
100 ## - MAIN ENTRY--PERSONAL NAME
Personal name Atkinson, P
245 10 - TITLE STATEMENT
Title Feedback control theory for engineers
250 ## - EDITION STATEMENT
Edition statement 2nd ed.
260 ## - PUBLICATION, DISTRIBUTION, ETC.
Place of publication, distribution, etc. London
Name of publisher, distributor, etc. Heinemann
Date of publication, distribution, etc. 1972
300 ## - PHYSICAL DESCRIPTION
Extent xii, 467p. : ill.
350 ## -
-- 0.00
995 ## -
-- ANNEX COLLECTION (Main Library)
-- 0.00
-- 719128
-- CBU-MAIN LIBRARY (Kitwe)
-- 3
-- 3.50
-- TJ 216 Atk
-- AVAILABLE
-- 017743
-- Annex Low-Usage Collection
995 ## -
-- MAIN LIBRARY OPEN ACCESS
-- 0.00
-- 726652
-- CBU-MAIN LIBRARY (Kitwe)
-- 2
-- 3.50
-- TJ 216 Atk
-- 1
-- AVAILABLE
-- 017742
-- Main Library Open Access Collection
995 ## -
-- MAIN LIBRARY OPEN ACCESS
-- 0.00
-- 726653
-- CBU-MAIN LIBRARY (Kitwe)
-- 1
-- 3.50
-- TJ 216 Atk
-- AVAILABLE
-- 017741
-- Main Library Open Access Collection
999 ## -
-- 63004
-- 63004
Holdings
Withdrawn status Lost status Source of classification or shelving scheme Damaged status Not for loan Permanent Location Current Location Shelving location Date acquired Total Checkouts Full call number Barcode Date last seen Price effective from Koha item type
          CBU-MAIN LIBRARY, KITWE. CBU-MAIN LIBRARY, KITWE.   12/24/2022   TJ 216 Atk 017743 12/24/2022 12/24/2022 MONOGRAPH
          CBU-MAIN LIBRARY, KITWE. CBU-MAIN LIBRARY, KITWE.   12/24/2022   TJ 216 Atk 017742 12/24/2022 12/24/2022 MONOGRAPH
          CBU-MAIN LIBRARY, KITWE. CBU-MAIN LIBRARY, KITWE.   12/24/2022   TJ 216 Atk 017741 12/24/2022 12/24/2022 MONOGRAPH